1770 1711 1250 1962 1939 1678 1804 1204 1549 1077 1506 1571 1257 1780 1671 1227 1301 1253 1739 1018 1103 1627 1634 1390 1438 1986 1775 1500 1997 1387 1164 1109 1552 1016 1577 1969 1731 1587 1427 1548 1444 1810 1090 1252 1589 1755 1253 1217 1226 1095 1268 1483 1660 1363 1047 1952 1445 1711 1070 1622 1602 1412 1240 1660 1864 1269 1820 1130 1823 1565 1405 1362 1277 1385 1036 1007 1384 1492 1049 1090 1907 1045 1111 1205 1669 1805 1286 1924 1240 1913 1317 1914 1340 1325 1558 1303 1774 1191 1523 BCNSPRNW ULIB Ver.6.0+V

เปลี่ยนเป็นภาษาไทย

Change to English
 แสดงรายละเอียดบรรณานุกรม
  กลับหน้าหลัก

Brief Record : Get Marc (ISO 2709) : E-mail record : QR code < ปิดหน้าต่าง
LEADER : 00000nam 2200000uu 4500
001    13399110652
003     ULIB
008    110607s2553||||th 000 0 tha d
024    9786167078113
090    นว^bR631h 2553
100 0  Robbery Rin
245 00 Hide มอญซ่อนศพ^cRobbery Rin
260    กรุงเทพฯ:^bโซฟา^c2553
300    215 หน้า
945    ^p179^l0^i030128
995    เกษร
999 ^a ใช้งานได้ทุกระบบ
รายการนี้ยังไม่มีแท็ก
คุณยังไม่ได้ล็อกอิน คุณสามารถมีกิจกรรมร่วมกับเว็บไซต์ได้ แต่ต้องล็อกอินก่อน ::
  ล็อกอิน

รายการสื่อสารสนเทศ

ลำดับที่ ประเภท เลขเรียก/บาร์โค้ด สถานที่ สถานะ
- ไม่พบข้อมูล -

BibComment


ยังไม่เคยถูกคอมเมนท์

คอมเมนท์ทรัพยากรรายการนี้
  คอมเมนท์: Hide มอญซ่อนศพ Ro..


 Copyright 2026. Bcnsprnw @Library